Normal view
MARC view
- تألبف الدباغ، فخري
Entry Personal Name
001 - CONTROL NUMBER
- control field: 37368
003 - CONTROL NUMBER IDENTIFIER
- control field: JO-AjAnu
005 - DATE AND TIME OF LATEST TRANSACTION
- control field: 20230606080231.0
008 - FIXED-LENGTH DATA ELEMENTS
- fixed length control field: 230606|| aca||aabn | a|a d
040 ## - CATALOGING SOURCE
- Original cataloging agency: JO-AjAnu
- Transcribing agency: JO-AjAnu
100 ## - HEADING--PERSONAL NAME
- Personal name: تألبف الدباغ، فخري
670 ## - SOURCE DATA FOUND
- Source citation: Work cat.: (JO-AjAnu)19175: تألبف الدباغ، فخري, author, جنوح الأحداث : دراسة اجتماعية نفسية عامة لانحرافات الأحداث مع دراسة مقارنة لظاهرة الجنوح في محافظة نينوي